Представление документа в формате MARC21

Поле Инд. ПП Название Значение
Тип записи a
Библиографический уровень b
001 Контрольный номер UNIDUBNA0c27f682627a4da0b982fde4ef4d5f49
005 Дата корректировки 20250428211646.3
008 Кодируемые данные 20170331
040 b Код языка каталог. rus
e Правила каталог. PSBO
041 0_ a Код языка текста rus
084 a Индекс другой классификации/Индекс ББК 60.991.3; 88.92
100 1_ a Автор Яковлева Н. В.
245 10 a Заглавие "Мастер-класс от выпускника" как метод профилактики проблем в социализации воспитанников центра помощи детям, оставшимся без попечения родителей
504 a Библиография Лит в конце статьи.
520 0_ a Аннотация О работе профориентированных мастер-классов от выпускников домов-интернатов уже освоивших профессию и достигших успехов...
650 14 a Основная рубрика практическая психология (прикладная психология)
a Основная рубрика психологическое консультирование
a Основная рубрика психология
a Основная рубрика социальная работа
653 0_ a Ключевые слова выпускники интернатов
a Ключевые слова дети, оставшиеся без попечения родителей
a Ключевые слова дети-сироты
a Ключевые слова индивидуальный подход
a Ключевые слова коммуникативные способности
a Ключевые слова подростки
a Ключевые слова профессиональная ориентация (профориентация)
a Ключевые слова психолого-педагогическая поддержка
a Ключевые слова психосоциальное консультирование
a Ключевые слова развитие личности
a Ключевые слова сотрудничество
a Ключевые слова социализация
a Ключевые слова социальная дезадаптация
a Ключевые слова социальная интеграция
a Ключевые слова социальное сопровождение
a Ключевые слова трудоустройство
773 08 t Заглавие источника Работник социальной службы
d Дата издания источника 2023
g Прочая информация № 5. - С. 76 - 81
w Контрольный № источника UNIDUBNAee29d0d809f141f5aaf6905265ca30a0
901 t Тип документа b